Vicente Peg (Record no. 98454)

MARC details
000 -LEADER
campo de control de longitud fija 00572nam a2200193 i 4500
001 - NÚMERO DE CONTROL
campo de control 98454
003 - IDENTIFICADOR DE NÚMERO DE CONTROL
campo de control ES-MaACL
007 - CAMPO FIJO DE DESCRIPCIÓN FÍSICA--INFORMACIÓN GENERAL
campo de control de longitud fija t|
008 - DATOS DE LONGITUD FIJA--INFORMACIÓN GENERAL
campo de control de longitud fija 050906s1982 sp ||||1| spa d
080 ## - NÚMERO DE LA CLASIFICACIÓN DECIMAL UNIVERSAL
Número de la Clasificación Decimal Universal 929 Peg, Vicente
100 1# - ENTRADA PRINCIPAL--NOMBRE DE PERSONA
Nombre de persona Peg, Vicente.
9 (RLIN) 89961
245 10 - MENCIÓN DEL TÍTULO
Título Vicente Peg
Resto del título : (1912-1981) /
Mención de responsabilidad, etc. F. Solsona ... [et al.].
260 ## - PUBLICACIÓN, DISTRIBUCIÓN, ETC.
Lugar de publicación, distribución, etc. Zaragoza :
Nombre del editor, distribuidor, etc. Ateneo,
Fecha de publicación, distribución, etc. [1982]
300 ## - DESCRIPCIÓN FÍSICA
Extensión 59 p. :
Otras características físicas il. ;
Dimensiones 20 cm.
600 14 - PUNTO DE ACCESO ADICIONAL DE MATERIA--NOMBRE DE PERSONA
Nombre de persona Peg, Vicente-
Subdivisión de forma Homenajes.
9 (RLIN) 89962
700 1# - ENTRADA AGREGADA--NOMBRE PERSONAL
Nombre de persona Solsona, Fernando.
9 (RLIN) 107252
852 ## - LOCALIZACIÓN
Ubicación ES-MaACL
Número de control de estantería L-3933
Sublocalización o colección R.104755
852 ## - LOCALIZACIÓN
Ubicación ES-MaACL
Número de control de estantería L-4340
Sublocalización o colección R.105076
Holdings
Estatus retirado Estado de pérdida Estado de daño No para préstamo Biblioteca de origen Biblioteca actual Ubicación en estantería Fecha de adquisición Fuente de adquisición Total de préstamos Signatura topográfica completa Código de barras Visto por última vez Precio de reemplazo Tipo de ítem Koha
        Biblioteca del Ateneo de Madrid Biblioteca del Ateneo de Madrid Depósito 2 17/01/2008     L-4340 1102778 23/02/2023 23/02/2023 Libro impreso
        Biblioteca del Ateneo de Madrid Biblioteca del Ateneo de Madrid Depósito 2 17/01/2008     L-3933 1102777 23/02/2023 23/02/2023 Libro impreso